| 000 | 00598nam a22001697a 4500 | ||
|---|---|---|---|
| 003 | LK-CoDNM | ||
| 005 | 20241219095121.0 | ||
| 008 | 241218b |||||||| |||| 00| 0 eng d | ||
| 040 |
_aLK-CoDNM _dLK-CoDNM _eLK-CoDNM |
||
| 041 | _aeng | ||
| 080 |
_a2 _bB11 |
||
| 245 | _aMarine Bryozoa | ||
| 260 | _c | ||
| 300 | _a322p. ; 27 cm | ||
| 650 | _aScience | ||
| 942 | _cBK | ||
| 999 |
_c233511 _d233511 |
||